000 00737nam a22001817a 4500
005 20251108172703.0
008 250721s1999 xx 000 0 ara d
082 1 4 _a341.77/ربا
100 1 _aرباح، غسان
_eمؤلف
245 1 0 _aقانون المخدرات والمؤثرات العقلية الجديدالقانون رقم 673 تاريخ 26/3/1998 :
_bمع دراسة مقارنة في الإدمان والإتجار غير المشروع /
264 1 _aلبنان :
_bدار الخلود للنشر والتوزيع،
_c1999.
300 _a351ص
650 1 7 _aالقانون الجنائي الدولي
650 1 7 _aالمخدرات
650 1 7 _aإدمان المخدرات
942 _2ddc
_cBK
999 _c85971
_d85971